[Event "New Delhi Parsvnath op-A 18th"]
[Site "New Delhi"]
[Date "2020.01.09"]
[Round "1"]
[White "Harsha, Bharathakoti"]
[Black "Joshi, Govind Ballabh"]
[Result "0-1"]
[WhiteElo "2502"]
[BlackElo "2075"]
[PlyCount "66"]
[EventDate "2020.01.09"]
[EventType "swiss"]
[EventRounds "10"]
[EventCountry "IND"]
[SourceTitle "CBM 194 Extra"]
[Source "ChessBase"]
[SourceDate "2020.03.31"]
[SourceVersion "1"]
[SourceVersionDate "2020.03.31"]
[SourceQuality "1"]

1. c4 c5 2. Nc3 Nc6 3. Nf3 g6 4. e3 Nf6 5. d4 cxd4 6. exd4 d5 7. cxd5 Nxd5 8. Qb3 Nxc3 9. Bc4 Nd5 10. Bxd5 e6 11. Bxc6+ bxc6 12. 0-0 Bg7 13. Bf4 0-0 14. Qe3 Qb6 15. b3 Rd8 16. Rfd1 Rd5 17. Ne5 Bd7 18. Nc4 Qd8 19. Be5 Be8 20. Bxg7 Kxg7 21. Qc3 f6 22. Rd2 Rc8 23. Rad1 Rc7 24. Ne3 Rh5 25. h3 Rf7 26. Qc4 Re7 27. Re2 Qd6 28. Qc1 Rg5 29. Ng4 h5 30. Nxf6 Kxf6 31. Re5 Rf5 32. g4 hxg4 33. hxg4 Rxe5 0-1